000 00249nam a2200097Ia 4500
005 20251222113742.0
008 251222s1900||||xx |||||||||||||| ||spa||
082 _aDVD0070/O45/1978
245 0 _aEl árbol de los zuecos:L'albero degli zoccoli
942 _cDVD
999 _c653
_d653